Sarah Kinsley - Over + Under - Statistics

General Stats
  • This quiz has been taken 4 times
  • The average score is 135 of 292
Answer Stats
Answer % Correct
I
100%
again
75%
Again,
75%
again,
75%
and
75%
And
75%
(I'm
75%
I'm
75%
over
75%
over)
75%
(over)
75%
(over,
75%
Over
75%
(Over,
75%
over,
75%
under
75%
(under)
75%
under,
75%
you
75%
You
75%
are
50%
down
50%
endless
50%
feel
50%
Feel
50%
guess
50%
me
50%
possibilities
50%
same"
50%
same
50%
the
50%
The
50%
against
25%
Ah-ha-ha
25%
Ah-ha-ha,
25%
ah-ha-ha
25%
all
25%
always
25%
as
25%
away
25%
Back
25%
back
25%
backyard,
25%
breeze
25%
change
25%
chase
25%
circles
25%
clouds
25%
clouds,
25%
come
25%
Coming
25%
devotion
25%
face
25%
far
25%
feet
25%
garden
25%
get
25%
go
25%
happen
25%
have
25%
Here
25%
hometown,
25%
if
25%
I'll
25%
in
25%
in,
25%
is
25%
leave
25%
look
25%
meant
25%
my
25%
name
25%
never
25%
now
25%
ocean
25%
of
25%
on
25%
once
25%
out
25%
place
25%
Pulling
25%
pulling
25%
'round
25%
Sacrifice
25%
say
25%
skin
25%
so
25%
"Some
25%
some
25%
Some
25%
someday
25%
stay
25%
sun
25%
Surrounding,
25%
surrounding,
25%
surrounding
25%
Surrounding
25%
These
25%
They
25%
things
25%
think
25%
tide
25%
to
25%
tree
25%
try
25%
walking
25%
will
25%
wind
25%
wonder
25%
years
25%
your
25%
you're
25%
catches
0%
gray
0%
life
0%
onto
0%
spell
0%
stuck,
0%
This
0%
torso
0%
No matching quizzes found
Score Distribution
Percent of People with Each Score
Percentile by Number Answered
Your Score History
You have not taken this quiz